Quản lý và phát triển tài chính tiền tệ tín dụng ngân hàng

Guardado en:
Detalles Bibliográficos
Autor principal: Ngô Văn Quế
Formato: Libro
Lenguaje:Undetermined
Publicado: H. KHKT 2003
Materias:
Etiquetas: Agregar Etiqueta
Sin Etiquetas, Sea el primero en etiquetar este registro!
Thư viện lưu trữ: Trung tâm Học liệu Trường Đại học Cần Thơ
LEADER 00577nam a2200193Ia 4500
001 CTU_54195
008 210402s9999 xx 000 0 und d
020 |b 46000 
082 |a 658.15 
082 |b Qu250 
100 |a Ngô Văn Quế 
245 0 |a Quản lý và phát triển tài chính tiền tệ tín dụng ngân hàng 
245 0 |c Ngô Văn Quế 
260 |a H. 
260 |b KHKT 
260 |c 2003 
650 |a finance, management,credit,bank management 
650 |x management 
980 |a Trung tâm Học liệu Trường Đại học Cần Thơ